Science Quiz

Random Science Quiz

Diseases and Disorders Quiz Stats

 Plays Quiz not verified by Sporcle

Challenge
Share
Tweet
Embed
Score 0/7 Timer 10:00
0 Plays Today
Hint Answer % Correct
What is an allergic disorder caused by swelling and tightening of the airways, production of mucus, and tightening of muscles that surround the airwaysAsthma
68.9%
What is a highly contagious viral illness spreaded by respiratory droplets. (Coughing or sneezing.)Influenza
57.8%
What is progressive loss of lung funtion due to damage to alveoli walls.Emphysema
48.9%
This is known as the medical name for whopping cough, a contagious bacterial infection.Pertussis
48.9%
What is the medical name for a nose bleed?Epistaxis
42.2%
The medicak name for a runny nose is...Rhinorrhea
31.1%
The acute illness in infants and children is known as...Croup
22.2%

You're not logged in!

Compare scores with friends on all Sporcle quizzes.
OR
Log In

You Might Also Like...

Show Comments

Extras

Created Oct 24, 2013ReportNominate
Tags:disease, disorder, respiratory, system

Top Quizzes Today


Score Distribution

Your Account Isn't Verified!

In order to create a playlist on Sporcle, you need to verify the email address you used during registration. Go to your Sporcle Settings to finish the process.

Report this User

Report this user for behavior that violates our Community Guidelines.

Details: